=LDR 00000nam 2200000 4500 =001 INLIS000000000016195 =005 20130612111452 =008 ***********************************Ind** =035 ##$$0010-061300000016195 =041 ##$$a Ind =082 ##$$a 959.8 =090 ##$$a 959.8, Men m =245 ##$$a Mengenal budaya bangsa, Tarian adat, pakaian adat, dan rumah adat daerah, editor, Tjahyadi Nugroho =260 ##$$a 1994 $b Jakarta =300 ##$$a 32 hlm., ilus, 21 cm =650 ##$$a Budaya Indonesia =850 ##$$a NBPNMAT